Zubná kefka

Bibliographic Details
Corporate Author: Henkel Kommanditgesellschaft auf Aktien (Düsseldorf, Nemecko) (Patent holder)
Other Authors: Wittig, Susanne (Originator), Veetter, Rüdiger (Originator), Kosmetatou, Yvette (Originator), Wülknitz, Peter (Originator)
Format: Book
Language:Slovak
PhysicalDescription:6 s. obr. 30 cm
Published: [Banská Bystrica] Úrad priemyselného vlastníctva SR [2007]
Subjects:

MARC

LEADER 00000cam a2200000 a 4500
001 vtls009794159
003 SK-MaSNL
005 20260301082540.0
008 251120s2007 xo a rj f000 0 slo
013 |a 285786  |b SK  |c patent  |d 20070802  |e dátum nadobudnutia účinkov patentu (Vestník ÚPV SR č.: 8/2007)  |d 20070718  |e dátum sprístupnenia patentu 
013 |a 1549-2001  |e číslo prihlášky  |d 20000419  |e dátum podania prihlášky  |d 20020404  |e dátum zverejnenia prihlášky (Vestník ÚPV SR č.: 04/2002) 
013 |a 199 19 196.4  |e číslo prioritnej prihlášky  |d 19990428  |e dátum podania prioritnej prihlášky  |b DE  |e kód krajiny prioritnej prihlášky 
015 |a SNBN2013 
035 |a (SVKBBclas03)vtls000268572 
040 |a SNK  |b slo  |c SNK  |e AACR2 
041 0 |a slo 
044 |a xo  |c SK 
072 7 |a 687  |x Odevný priemysel. Kozmetika. Kaderníctvo. Starostlivosť o vzhľad  |2 konspekt 
072 7 |a 616.31  |x Stomatológia  |2 konspekt 
080 |a 616.31-083  |2 2001 
080 |a 687.972  |2 2001 
084 |a A46B 9/00  |2 IPC 
245 0 0 |a Zubná kefka  |c Peter Wülknitz ... [et al.] ; patent. zást. Marta Majlingová 
260 |a [Banská Bystrica]  |b Úrad priemyselného vlastníctva SR  |c [2007] 
300 |a 6 s.  |b obr.  |c 30 cm 
650 0 7 |a ústna hygiena  |2 SNKPH  |9 74856 
650 0 7 |a Oral hygiene  |2 SNKPHeng  |9 322702 
650 0 7 |a zubné kefky  |2 SVKBBPH  |9 119596 
650 0 7 |a Toothbrushes  |2 SNKPHeng  |9 322703 
655 7 |a patenty  |2 SNKPH  |9 177343 
655 7 |a patent licenses  |2 SNKPHeng  |9 303430 
700 1 |a Wittig, Susanne  |4 org  |9 407682 
700 1 |a Veetter, Rüdiger  |4 org  |9 407683 
700 1 |a Kosmetatou, Yvette  |4 org  |9 407684 
700 1 |a Majlingová, Marta  |4 oth  |9 305101 
700 1 |a Wülknitz, Peter  |4 org  |9 407685 
710 2 |a Henkel Kommanditgesellschaft auf Aktien (Düsseldorf, Nemecko)  |4 pth  |9 322486 
999 |c 658809  |d 660739 
952 |a SNK  |b SNK  |y PREZ  |7 0  |p 17A1101004  |o snkSK 285786  |i snk2013/29666  |8 0  |0 0  |1 0  |4 0  |d 2013-12-03  |l 0  |r 2026-02-23 18:45:51  |w 2026-02-23